Top 20 Most Popular Greek Baby Names - Statistics

General Stats
  • This quiz has been taken 473 times
  • The average score is 15 of 40
Answer Stats
Rank Males % Correct
1 Maria
78%
1 Georgios
74%
2 Ioannis/Giannis
74%
18 Alexandra
67%
18 Alexandros/ Alexis
67%
2 Eleni/ Elena
67%
5 Nicholas/ Nikos
67%
3 Konstantinos
64%
8 Christos
55%
4 Dimitris
50%
12 Anna
49%
5 Sofia
45%
6 Panayiotis/ Panos
41%
10 Michalis
40%
7 Vasilis
40%
3 Aikaterine/ Katerina
39%
16 Andreas
39%
10 Demetra
38%
14 Ioanna/ Gianna
37%
6 Aggeliki
35%
7 Georgia
35%
15 Theodoros/ Thodoris
34%
13 Antonis
33%
8 Anastasia/ Tasia
31%
9 Athanasios/ Thanasis/ Thanos
30%
15 Konstantina/ Dina
30%
13 Panayiota/ Yiota
27%
4 Vasiliki/ Vaso
27%
11 Eirene
24%
11 Evangelos/ Vaggelis
23%
19 Emmanuel/ Manolis/ Manos
22%
9 Evangelia
21%
12 Spyridon/ Spyros
21%
14 Anastasios/ Tasos
20%
17 Charalampos/ Charis
14%
16 Despoina
14%
20 Elias
13%
20 Paraskevi/ Voula
11%
17 Calliope
8%
19 Kyriaki
6%
No matching quizzes found
Score Distribution
Percent of People with Each Score
Percentile by Number Answered
Your Score History
You have not taken this quiz